ბათუმის შოთა რუსთაველის სახელმწიფო უნივერსიტეტის ბიბლიოთეკა

Digital signal processing : (ბიბ.ჩანაწერი № 57713)

000 -LEADER
fixed length control field 01156cam a22002775a 4500
001 - CONTROL NUMBER
control field 12576667
005 - DATE AND TIME OF LATEST TRANSACTION
control field 20201001105033.0
008 - FIXED-LENGTH DATA ELEMENTS--GENERAL INFORMATION
fixed length control field 011031s2004 enka b 001 0 eng
020 ## - INTERNATIONAL STANDARD BOOK NUMBER
International Standard Book Number 9780750663441
041 ## - LANGUAGE CODE
Language code of text/sound track or separate title eng
080 ## - UNIVERSAL DECIMAL CLASSIFICATION NUMBER
Universal Decimal Classification number 621.382.2 S-88
100 1# - MAIN ENTRY--PERSONAL NAME
Personal name Stranneby, Dag.
9 (RLIN) 9578
245 10 - TITLE STATEMENT
Title Digital signal processing :
Remainder of title DSP and applications /
Statement of responsibility, etc. Dag Stranneby, William Walker.
250 ## - EDITION STATEMENT
Edition statement Second edition
264 ## - PRODUCTION, PUBLICATION, DISTRIBUTION, MANUFACTURE, AND COPYRIGHT NOTICE
Place of production, publication, distribution, manufacture Amsterdam :
Name of producer, publisher, distributor, manufacturer Wlsevier,
Date of production, publication, distribution, manufacture, or copyright notice 2004
300 ## - PHYSICAL DESCRIPTION
Extent 358 p. :
Other physical details ill. ;
Dimensions 25 cm.
504 ## - BIBLIOGRAPHY, ETC. NOTE
Bibliography, etc. note Includes bibliographical references and index.
650 #0 - SUBJECT ADDED ENTRY--TOPICAL TERM
Topical term or geographic name entry element Signal processing
General subdivision Digital techniques.
9 (RLIN) 9579
653 ## - INDEX TERM--UNCONTROLLED
keyword პროცესების ციფრული გადამუშავება
653 ## - INDEX TERM--UNCONTROLLED
keyword ელექტროტექნიკა
700 ## - ADDED ENTRY--PERSONAL NAME
Personal name Walker, William
Relator term ავტორი
9 (RLIN) 9580
856 42 - ELECTRONIC LOCATION AND ACCESS
Materials specified Publisher description
Uniform Resource Identifier http://www.loc.gov/catdir/description/els031/2001277032.html
856 41 - ELECTRONIC LOCATION AND ACCESS
Materials specified Table of contents
Uniform Resource Identifier http://www.loc.gov/catdir/toc/els031/2001277032.html
942 ## - ADDED ENTRY ELEMENTS (KOHA)
Source of classification or shelving scheme
Koha item type წიგნი
ეგზემპლარები
Withdrawn status Lost status Source of classification or shelving scheme Damaged status Not for loan Permanent Location Current Location Shelving location Date acquired Cost, normal purchase price Full call number Barcode Date last seen Copy number Price effective from Koha item type Public note
          ბათუმის შოთა რუსთაველის სახელმწიფო უნივერსიტეტის მთავარი ბიბლიოთეკა ბათუმის შოთა რუსთაველის სახელმწიფო უნივერსიტეტის მთავარი ბიბლიოთეკა წიგნსაცავი 2020-10-01 61.00 621.382.2 S-88 61039 2020-10-01 61039 2020-10-01 წიგნი 61 ლ.